Örök szerelem a vásznon, és azon is túl... azaz a filmturizmus motivációs hatásai az utazási döntésekre és a személyes életesemények megvalósítására
| Szerző: | |
|---|---|
| További közreműködők: | |
| Dokumentumtípus: | TDK dolgozat |
| Kulcsszavak: | filmturizmus rendezvényszervezés turizmus utazás utazásszervezés |
| Online Access: | http://dolgozattar.uni-bge.hu/60437 |
MARC
| LEADER | 00000nta a2200000 i 4500 | ||
|---|---|---|---|
| 001 | dolg60437 | ||
| 005 | 20260416073709.0 | ||
| 008 | 260416suuuu hu o 000 hun d | ||
| 040 | |a BGE Dolgozattár Repozitórium |b hun | ||
| 041 | |a hu | ||
| 100 | 1 | |a Orosz Laura Andrea | |
| 245 | 1 | 0 | |a Örök szerelem a vásznon, és azon is túl... azaz a filmturizmus motivációs hatásai az utazási döntésekre és a személyes életesemények megvalósítására |c Orosz Laura Andrea |h [elektronikus dokumentum] |
| 516 | |a Students_Scientific_Association_paper | ||
| 520 | 3 | |a A dolgozat a filmturizmus jelenségét vizsgálja, amely a kulturális turizmus egyik dinamikusan fejlődő ága. Célom feltárni, hogy a filmekben megjelenő helyszínek és vizuális élmények milyen mértékben befolyásolják a turisták utazási motivációit és döntéseit, valamint miként inspirálják a személyes életeseményeket. A legtalálóbban a filmturizmus esszenciájának megfogalmazása: „Meglátni és megszeretni, megszeretni és útra kelni.” (Irimiás A. 2015). A kutatás kiindulópontja, hogy a filmek érzelmi és vizuális világa erőteljes hatással van a nézők élménykeresésére, úti cél választására. A szerelem, mint téma gyakran megjelenik a filmvásznon. A szakértők szerint a turisták motivációja sok esetben a látott filmes helyszínekhez kötődik, a vizuális élményeik fokozzák az utazási vágyat, és a modern esküvői trendek is reflektálnak a filmek hangulatára és látványvilágára. A dolgozat során szekunder kutatást végeztem a témához kapcsolódó legfontosabb szakirodalmak feldolgozásával, valamint primer kutatási módszereket: a kérdőívet, az interjúkat és a kognitív térképezés módszerét alkalmaztam. A kognitív megközelítés célja annak feltárása volt, hogyan alakul ki a nézőkben a filmélményekhez kötődő érzelmi és vizuális azonosulás, amely az utazási döntéseket is befolyásolja. A kérdőív 161 kitöltőjének utazási motivációja között a kikapcsolódás, természeti látványosságok és kulturális élmények domináltak, míg 19% számára a filmekben látott helyszínek is döntő tényezőt jelentettek. A válaszadók 70%-a járt már filmes desztinációban, és sokan a romantikus filmekből merítenek inspirációt a személyes életeseményeik megvalósítása során. Az interjúk által szakemberek (amerikai utazási iroda, filmes szakember) osztották meg tapasztalataikat a filmturizmus gyakorlati megvalósításáról, különös tekintettel a desztinációimázs és az élményturizmus kapcsolatáról. Eredményeim rámutatnak, hogy a filmek emocionális és esztétikai elemei inspirálják az utazókat, különösen a romantikus desztinációk felkeresésére. A kutatásból az is kiderül, hogy a filmturizmus nem csupán szórakozási forma, hanem gazdasági és turisztikai potenciállal is bír, hiszen hozzájárul a desztinációk imázsának erősítéséhez, fenntartásához és az élményturizmus fejlődéséhez. Következtetésként levonható, hogy a filmturizmus a jövőben egyre inkább a turizmusfejlesztés és desztináció marketing stratégiai eszközévé válik, amely képes érzelmi azonosulást és kulturális kötődést teremteni az utazókban. | |
| 695 | |a filmturizmus | ||
| 695 | |a rendezvényszervezés | ||
| 695 | |a turizmus | ||
| 695 | |a utazás | ||
| 695 | |a utazásszervezés | ||
| 700 | 1 | |a Sipos Erika |e ths | |
| 856 | 4 | 0 | |u http://dolgozattar.uni-bge.hu/60437/1/Orosz_Laura_TDK2025%20.pdf |z Dokumentum-elérés |
| 856 | 4 | 0 | |u http://dolgozattar.uni-bge.hu/60437/2/Rezu%CC%88me%CC%81%20Orosz%20Laura%2010%2023.docx |z Dokumentum-elérés |
| 856 | 4 | 0 | |u http://dolgozattar.uni-bge.hu/60437/3/Orosz_Laura_NGK__TTZS.pdf |z Dokumentum-elérés |
| 856 | 4 | 0 | |u http://dolgozattar.uni-bge.hu/60437/4/Orosz_Laura_Anna_NGK_VJ.pdf |z Dokumentum-elérés |